Statistics for 2020 NASCAR Season Preview

Click here to take the quiz!

General Stats

  • This quiz has been taken 51 times
  • The average score is 15 of 20

Answer Stats

QuestionAnswer% Correct
2020 will be the final full-time season for which Cup champion?Jimmie Johnson
97%
Which driver is moving up to the Cup Series to drive the Stewart-Haas Racing No. 41 in 2020?Cole Custer
92%
Homestead-Miami Speedway has hosted the final race of the season since 2002. In 2020, which track will now host the final race?Phoenix Raceway
92%
After driving for Roush Fenway Racing since 2013, which driver will now drive the No. 47 for JTG Daughtery Racing?Ricky Stenhouse, Jr.
92%
For the first time since 1997, which company will sponsor the exhibition race at the beginning of the season known as "The Clash"?Busch
89%
Which driver will replace 2019 Rookie of the Year Daniel Hemric in the Richard Childress Racing No. 8 car?Tyler Reddick
89%
Which driver will drive for Levine Family Racing's No. 95 car in 2020?Christopher Bell
86%
Which up-and-coming driver announced that they will be joining Ford's development driver program and race in the ARCA Menards Series?Hailie Deegan
86%
Which track will host a doubleheader weekend, running Cup races on both Saturday and Sunday?Pocono Raceway
86%
Which team will now have two Cup Series teams and a Truck Series team with driver Todd Gilliland?Front Row Motorsports
83%
In 2020, which iconic race will now serve as the first race in the Cup Series playoffs?Southern 500
75%
With Cole Pearn's departure, James Small was selected to be the crew chief for which driver?Martin Truex, Jr.
72%
Which track will host the Xfinity Series on its road course, but the Cup Series on its oval during the same weekend?Indianapolis Motor Speedway
69%
Which series will return to Martinsville Speedway for the first time since 2006?Xfinity Series
67%
Which team announced that they would switch crew chiefs for all of its drivers?Team Penske
64%
The Gander RV & Outdoors Truck Series will now have how many teams compete in its playoffs?10
56%
Dale Earnhardt, Jr. will race at which track in the Xfinity Series in 2020?Homestead-Miami Speedway
50%
Which Truck Series team is celebrating its silver anniversary?ThorSport Racing
50%
For certain events in the Xfinity and Truck Series, NASCAR has decided to not have what?Live pit stops
44%
NASCAR announced a return to its 2017-2018 rules package to improve competition at which type of track?Short tracks & road courses
28%

Score Distribution

Percentile by Number Answered

Percent of People with Each Score

Your Score History

You have not taken this quiz